000 01409cam a22003737a 4500
999 _c126937
_d126937
001 16578799
003 ARRUPE
005 20170906100059.0
008 101214s2010 ne c b 001 0 eng d
010 _a 2010537282
020 _a9042030887
020 _a9789042030886
020 _a9789042030893 (ebook)
020 _a9042030895 (ebook)
035 _a(OCoLC)ocn669910301
040 _aYDXCP
_cYDXCP
_dCUY
_dOMM
_dNYP
_dERASA
_dDLC
042 _alccopycat
043 _af-ke---
050 0 0 _aBJ982.K55
_bK56 2010
100 1 _aKinoti, H. W.
_q(Hannah W.)
_935697
245 1 0 _aAfrican ethics :
_bGĩkũyũ traditional morality /
_cHannah Wangeci Kinoti ; edited by G. Wakuraya Wanjohi ; with the assistance of Gerald J. Wanjohi.
260 _aAmsterdam :
_bThe Catholic University of Eastern Africa Press,
_c2013.
300 _a286 p. :
_c22 cm.
490 1 _aStudies in intercultural philosophy,
_v19
504 _aIncludes bibliographical references (p. 255-259) and index.
530 _aAlso available online.
650 0 _aEthics,
_zKenya
_935698
650 0 _aKikuyu (African people)
_xSocial life and customs
_935699
700 1 _aWanjohi, G. Wakuraya.
_935700
830 0 _aStudien zur interkulturellen Philosophie ;
_v19.
_935701
906 _a7
_bcbc
_ccopycat
_d2
_encip
_f20
_gy-gencatlg
942 _2lcc
_cMONOGRAPH